Rodina - škola - spoločnosť a ich úloha pri prevencii sociálno-patologických javov v spoločnosti

Zvyšovanie podielu mladej generácie na trestnej činnosti. Významná úloha rodiny, školy a spoločnosti pri prevencii a riešení tohto naliehavého sociálneho problému.

Salvato in:
Dettagli Bibliografici
Autore principale: Majcherová, Katarína
Altri autori: Hajduová, Zuzana, 1974-
Natura: Capitolo di libro
Lingua:slovacco
Soggetti:
Tags: Aggiungi Tag
Nessun Tag, puoi essere il primo ad aggiungerne!!

MARC

LEADER 00000naa$a2200000$$$4500
001 0104875
005 20240502072143.0
041 0 |a slo 
044 |a SK 
245 1 0 |a Rodina - škola - spoločnosť a ich úloha pri prevencii sociálno-patologických javov v spoločnosti  |c Katarína Majcherová, Zuzana Hajduová 
520 |a Zvyšovanie podielu mladej generácie na trestnej činnosti. Významná úloha rodiny, školy a spoločnosti pri prevencii a riešení tohto naliehavého sociálneho problému. 
610 2 0 |a činy trestné 
610 2 0 |a prevencia 
610 2 0 |a rodina 
610 2 0 |a školy 
610 2 0 |a spoločnosť 
610 2 0 |a výchova 
100 1 |a Majcherová, Katarína 
700 1 |a Hajduová, Zuzana, 1974-